• 首页
  • 本馆介绍
  • 公告通知
  • 最新文献
  • 馆藏检索
  • 电子资源
  • 读者导购
  • 参考咨询
  • 我的图书馆
  • 登录
  • 详细信息显示
  • 放入我的书架
  • 预约/预借图书
  • 作者相关作品
  • 分类相关作品
  • 丛书相关作品
  • 出版社相关作品

书目信息

  • 表格格式
  • 工作单格式
  • 卡片格式
题名:
雪虎
    
 
作者: 杰克·伦敦 著 ;蒋天佐 译
分册:  
出版信息: 北京   外国文学出版社  1982
页数: 248页
开本: 19cm
丛书名:
单 册:
中图分类: I712.4
科图分类:
主题词: 长篇小说--美国--近代 , 文学
电子资源:
ISBN:
000 00700nam0 2200265 45
001 0182007701
005 20040406144445.4
010    @dCNY0.63
091    @a10208.94
100    @a19950303d1982 em y0chiy0121 ea
101 1  @achi@ceng
102    @aCN@b110000
105    @ay z 000ay
106    @ar
200 10 @a雪虎@Axue hu@f(美)杰克·伦敦著@g蒋天佐译
210    @a北京@c外国文学出版社@d1982
215    @a248页@d19cm
606    @a长篇小说@y美国@z近代
606 0  @a文学
690    @aI712.4
701  0 @a杰克·伦敦@Ajie ke·lun dun@f美@4著
702  0 @a蒋天佐@Ajiang tian zuo@4译
801  0 @aCN@b上海图书馆@c20040406
801  2 @aCN@bNLC@c20040406
905    @f3@b70716-718@dI712.4@e12
    
    雪虎/(美)杰克·伦敦著/蒋天佐译.-北京:外国文学出版社,1982
    248页;19cm
    
    
    ISBN :CNY0.63
    
●
相关链接 在E读中查询图书 在五车中查询图书 在当当中查询图书 在豆瓣中查询图书


正题名:雪虎     索取号:I712.4/12         预约/预借

序号 登录号 条形码 馆藏地/架位号 状态 备注
1 0070716   000130058   第二借阅区/ [索取号:I712.4/12] 在馆    
2 0070717   000130049   第二借阅区/ [索取号:I712.4/12] 在馆    
3 0070718   000130030   第二借阅区/ [索取号:I712.4/12] 在馆    
4 0070719   000130012   第一样本阅览室/ [索取号:I712.4/12] 在馆    
唐山师范学院图书馆 欢迎您!
大连网信软件有限公司© 版权所有